Slovenský druhý pilier: bezpečný a stratový

Pokračovanie článku z predchádzajúceho čísla o zmenách v druhom dôchodkovom pilieri u nás. Výnosy dlhodobých finančných nástrojov. Správcovské spoločnosti a finančné riziká. Najnovšie zákonné úpravy.

Guardado en:
Detalles Bibliográficos
Autor principal: Baláž, Vladimír
Formato: Capítulo de libro
Lenguaje:eslovaco
Materias:
Etiquetas: Agregar Etiqueta
Sin Etiquetas, Sea el primero en etiquetar este registro!

MARC

LEADER 00000naa a2200000 4500
001 0143355
005 20231019092030.4
041 0 |a slo 
044 |a SK 
245 1 0 |a Slovenský druhý pilier: bezpečný a stratový  |c Vladimír Baláž 
520 |a Pokračovanie článku z predchádzajúceho čísla o zmenách v druhom dôchodkovom pilieri u nás. Výnosy dlhodobých finančných nástrojov. Správcovské spoločnosti a finančné riziká. Najnovšie zákonné úpravy. 
610 2 0 |a sporenie dôchodkové 
610 2 0 |a účty osobné dôchodkové 
610 2 0 |a spoločnosti správcovské dôchodkové 
610 2 0 |a systémy dôchodkové 
610 2 0 |a reformy dôchodkové 
100 1 |a Baláž, Vladimír